000 00285nam a2200109Ia 4500
100 _aSaint, Tarun K.
245 0 _aWitnessing Partition : Memory, History, Fiction
264 _bRoutledge
_c2010
300 _a341
942 _cIR
999 _c120753
_d120753